000
00305nam a2200145Ia 4500
100
_a
Banks/Jerry
250
_a
3
942
_c
BK
654
_a
discrete
245
_a
Discrete- Event system simulation
260
_b
Pearson Education
_c
2004
082
_a
3.3
_b
BAN
300
_a
594
546
_a
ENGLISH
999
_c
20433
_d
20433